000 00467nam a2200181Ia 4500
003 OSt
005 20230125114718.0
008 210210b1914 xxu||||| |||| 00| 0 eng d
040 _cAL
041 _aeng
082 _a954/342
100 _aAIYANGAR (Rangaswami K V)
_969835
245 _aHistory of India: pre musulman period Part I
260 _aBombay
_bLongman Green & Co Ltd.,
_c1914
690 _aIndian History
_969836
906 _a026102
942 _2ddc
_cBK
999 _c152040
_d152040